000 00459nam a22001817a 4500
003 MPLRDC
005 20220104142733.0
008 210129b ||||| |||| 00| 0 eng d
020 _a978-983-2111-02-3
082 _a868.71 LYJ-10
100 _a李忆莙 主编
245 _a时光旅行
_c
250 _a初版
260 _a马来西亚
_b马来西亚华文作家协会
_c2009
300 _b200
650 _a马华文学
942 _cBK
_o868.71 LYJ-10
999 _c33311
_d33301